000 00621nam a22001817a 4500
999 _c190484
_d190484
005 20220726153723.0
010 _aENG-133983
020 _a9789352806072
_c350.00
035 _aEN-117515
037 _bDBAD/PUB
082 _a371.956
100 _aRipp, Pernille
245 _aEmpowered Schools, Empowered Students:
_bCreating Connected and Invested Learners/
_cPernille Ripp
260 _aNew Delhi
_bSAGE Publications India Pvt. Ltd.
_c2015
270 _bNew Delhi
_aB1/I-1 Mohan Cooperative Industrial Area, Mathura Road
_e110044
300 _axi;64p.
_c21cm(pbk)
942 _2ddc
_cEN
_h371.956
_mRIP